<?xml version="1.0" encoding="UTF-8"?>
<record
    xmlns:xsi="http://www.w3.org/2001/XMLSchema-instance"
    xsi:schemaLocation="http://www.loc.gov/MARC21/slim http://www.loc.gov/standards/marcxml/schema/MARC21slim.xsd"
    xmlns="http://www.loc.gov/MARC21/slim">

  <leader>02556nam a2200253   4500</leader>
  <controlfield tag="003">vecauma</controlfield>
  <controlfield tag="005">20260414202637.0</controlfield>
  <controlfield tag="007">ta</controlfield>
  <controlfield tag="008">260414b        ve ||||| |||| 00| 0 spa d</controlfield>
  <datafield tag="020" ind1=" " ind2=" ">
    <subfield code="a">8475099696</subfield>
  </datafield>
  <datafield tag="040" ind1=" " ind2=" ">
    <subfield code="a">vecauma</subfield>
    <subfield code="b">spa</subfield>
    <subfield code="c">vecauma</subfield>
    <subfield code="d">vecauma</subfield>
    <subfield code="e">rda</subfield>
  </datafield>
  <datafield tag="041" ind1=" " ind2=" ">
    <subfield code="a">spa</subfield>
  </datafield>
  <datafield tag="100" ind1="1" ind2=" ">
    <subfield code="e">autor</subfield>
  </datafield>
  <datafield tag="245" ind1="1" ind2=" ">
    <subfield code="a">El sublenguaje del cuerpo</subfield>
    <subfield code="b">Gastos, posturas y distancias en las relaciones personales y en la empresa </subfield>
    <subfield code="c">/ Julius Fast </subfield>
  </datafield>
  <datafield tag="264" ind1=" " ind2=" ">
    <subfield code="a">Espa&#xF1;a:</subfield>
    <subfield code="b">Paid&#xF3;s Ib&#xE9;rica, S.A.;</subfield>
    <subfield code="c">1994.</subfield>
  </datafield>
  <datafield tag="300" ind1=" " ind2=" ">
    <subfield code="a">279 p&#xE1;ginas.</subfield>
  </datafield>
  <datafield tag="336" ind1=" " ind2=" ">
    <subfield code="a">texto</subfield>
    <subfield code="b">txt</subfield>
    <subfield code="2">rdacontenido</subfield>
  </datafield>
  <datafield tag="337" ind1=" " ind2=" ">
    <subfield code="a">no mediado</subfield>
    <subfield code="b">n</subfield>
    <subfield code="2">rdamedio</subfield>
  </datafield>
  <datafield tag="338" ind1=" " ind2=" ">
    <subfield code="a">volumen</subfield>
    <subfield code="b">nc</subfield>
    <subfield code="2">rdasoporte</subfield>
  </datafield>
  <datafield tag="505" ind1="0" ind2=" ">
    <subfield code="a">Lo que vemos no es lo que captamos /
Los subtextos del lenguaje /
Los subtextos del tacto /
El lenguaje corporal: los ojos, la cabeza y las manos. /
El lenguaje corporal: los gestos, las posturas y el espacio /
La manifestaci&#xF3;n de la interioridad /
La verdad y sus consecuencias /
Aspectos del poder /
La entrevista de empleo /
La magia detr&#xE1;s de la venta /
Las relaciones peligrosas. /
Cuando los mundos chocan: el subtexto y el lugar de trabajo en el marco internacional /</subfield>
  </datafield>
  <datafield tag="520" ind1="3" ind2=" ">
    <subfield code="a">Julius Fast, el hombre que nos ense&#xF1;&#xF3; que el hecho de cruzar las piernas, por ejemplo, es algo m&#xE1;s que una forma de ponerse c&#xF3;modo, aplica ahora al mundo de los negocios el resultado de d&#xE9;cadas de investigaci&#xF3;n acerca del lenguaje del cuerpo, y demuestra que sus hallazgos son a&#xFA;n m&#xE1;s &#xFA;tiles en ese terreno que en el de las relaciones personales, donde la honestidad tiende a ser m&#xE1;s corriente. As&#xED;, propugnando que en toda interacci&#xF3;n humana hay un texto expl&#xED;cito y un texto impl&#xED;cito o subtexto -la corriente de comunicaci&#xF3;n que fluye bajo la superficie y que a menudo es m&#xE1;s reveladora que la superficie misma, porque es inconsciente, Fast nos ense&#xF1;a, entre otras cosas, a:

.Conseguir que el contacto ocular, en una reuni&#xF3;n de negocios, obre en nuestro beneficio.
.Identificar las microexpresiones que revelan que alguien est&#xE1; mintiendo.
.Adivinar qu&#xE9; significa que nos hagan esperar cinco, diez o veinte minutos para una cita.
.Ordenar las sillas alrededor de la mesa de modo que resulte f&#xE1;cil asumir el control de una reuni&#xF3;n.

La capacidad para lograr hacer todo esto no s&#xF3;lo nos permite comunicarnos de manera m&#xE1;s eficaz, sino que tambi&#xE9;n nos ayuda a interpretar a los dem&#xE1;s: lo que los otros dicen y, lo que es m&#xE1;s importante, lo que desesperadamente intentan no decir.
</subfield>
  </datafield>
  <datafield tag="942" ind1=" " ind2="1">
    <subfield code="2">lcc</subfield>
    <subfield code="n">0</subfield>
    <subfield code="c">BK</subfield>
  </datafield>
  <datafield tag="999" ind1=" " ind2=" ">
    <subfield code="c">13369</subfield>
    <subfield code="d">13369</subfield>
  </datafield>
  <datafield tag="952" ind1=" " ind2=" ">
    <subfield code="0">0</subfield>
    <subfield code="1">0</subfield>
    <subfield code="2">lcc</subfield>
    <subfield code="4">0</subfield>
    <subfield code="7">0</subfield>
    <subfield code="8">CG</subfield>
    <subfield code="a">BUMA</subfield>
    <subfield code="b">BUMA</subfield>
    <subfield code="c">GEN</subfield>
    <subfield code="d">2026-04-14</subfield>
    <subfield code="i">49653</subfield>
    <subfield code="l">0</subfield>
    <subfield code="p">2026-0508</subfield>
    <subfield code="r">2026-04-14</subfield>
    <subfield code="w">2026-04-14</subfield>
    <subfield code="y">BK</subfield>
  </datafield>
</record>
